विश्वप्रसिद्ध संत और उनके दिशा-निर्देश / (Record no. 119550)
[ view plain ]
| 000 -LEADER | |
|---|---|
| fixed length control field | 01276nam a22002897a 4500 |
| 003 - CONTROL NUMBER IDENTIFIER | |
| control field | dpl |
| 005 - DATE AND TIME OF LATEST TRANSACTION | |
| control field | 20190413123552.0 |
| 008 - FIXED-LENGTH DATA ELEMENTS--GENERAL INFORMATION | |
| fixed length control field | 190413b ||||| |||| 00| 0 eng d |
| 010 ## - LIBRARY OF CONGRESS CONTROL NUMBER | |
| LC control number | B-200267 |
| 020 ## - INTERNATIONAL STANDARD BOOK NUMBER | |
| Terms of availability | 200.00 |
| International Standard Book Number | 8188286303 |
| 035 ## - SYSTEM CONTROL NUMBER | |
| System control number | B-200267, B-200271 |
| 037 ## - SOURCE OF ACQUISITION | |
| Source of stock number/acquisition | Cen Lib/Ret |
| 040 ## - CATALOGING SOURCE | |
| Original cataloging agency | DPL |
| Language of cataloging | HN |
| Transcribing agency | 0 |
| 082 ## - DEWEY DECIMAL CLASSIFICATION NUMBER | |
| Classification number | 230.35 |
| Item number | भाटिया |
| 100 ## - MAIN ENTRY--PERSONAL NAME | |
| Personal name | भाटिया, सुदर्शन |
| 9 (RLIN) | 85526 |
| 245 ## - TITLE STATEMENT | |
| Title | विश्वप्रसिद्ध संत और उनके दिशा-निर्देश / |
| Statement of responsibility, etc | सुदर्शन भाटिया |
| 246 ## - VARYING FORM OF TITLE | |
| Title proper/short title | Vishawprasidha sant aur unke disha-nirdesh / |
| Remainder of title | by Sudarshan Bhatia |
| 260 ## - PUBLICATION, DISTRIBUTION, ETC. (IMPRINT) | |
| Place of publication, distribution, etc | दिल्ली |
| Name of publisher, distributor, etc | नार्थ इण्डिया पब्लिशर्स |
| Date of publication, distribution, etc | 2006 |
| 270 ## - ADDRESS | |
| Address | फेस ई 1/265, गली नं.-17, सोनिया विहार |
| City | दिल्ली |
| Postal code | 110094 |
| 300 ## - PHYSICAL DESCRIPTION | |
| Extent | 136पृ. |
| Dimensions | 21सेमी(सजिल्द) |
| 500 ## - GENERAL NOTE | |
| General note | अनुक्रमणिका शामिल |
| 650 ## - SUBJECT ADDED ENTRY--TOPICAL TERM | |
| Topical term or geographic name as entry element | संत |
| 9 (RLIN) | 85527 |
| 650 ## - SUBJECT ADDED ENTRY--TOPICAL TERM | |
| Topical term or geographic name as entry element | संत--दिशा-निर्देश |
| 9 (RLIN) | 46180 |
| 650 ## - SUBJECT ADDED ENTRY--TOPICAL TERM | |
| Topical term or geographic name as entry element | Saint |
| 9 (RLIN) | 85528 |
| 650 ## - SUBJECT ADDED ENTRY--TOPICAL TERM | |
| Topical term or geographic name as entry element | Saint--Directions |
| 9 (RLIN) | 85529 |
| 942 ## - ADDED ENTRY ELEMENTS (KOHA) | |
| Source of classification or shelving scheme | Dewey Decimal Classification |
| Koha item type | Hindi Books |
| Classification part | 230.35 |
| Call number suffix | भाटिया |
| Withdrawn status | Lost status | Damaged status | Not for loan | Home library | Current library | Date acquired | Source of acquisition | Cost, normal purchase price | Total Checkouts | Full call number | Barcode | Date last seen | Date checked out | Copy number | Cost, replacement price | Price effective from | Koha item type | Source of classification or shelving scheme | Collection code |
|---|---|---|---|---|---|---|---|---|---|---|---|---|---|---|---|---|---|---|---|
| Central Library | Central Library | 17/09/2015 | Cen Lib/Ret | 200.00 | 2 | 230.35 भाटिया | B-200267 | 04/02/2019 | 31/01/2019 | 1 | 200.00 | 17/09/2015 | Hindi Books | ||||||
| Shahdara Branch | Shahdara Branch | 13/04/2019 | BPPD/PUB | 200.00 | 1 | 230.35 भाटिया | B-200271 | 07/03/2023 | 20/02/2023 | 200.00 | 13/04/2019 | Hindi Books | Dewey Decimal Classification | Non-fiction |
